=LDR 00000nam 2200000 4500 =001 INLIS000000000009143 =005 20130612100949 =008 ***********************************Ind** =035 ##$$0010-061300000009143 =041 ##$$a Ind =082 ##$$a 005.369 =090 ##$$a 005.369, Tos-l =100 ##$$a Tosin, Rijanto =245 ##$$a Lotus untuk bisnis dan hobi, dokumentasi dengan cetakan, Rijanto Tosin =260 ##$$a 1993 $b Jakarta =300 ##$$a 375 hlm., ilus., 21 cm =650 ##$$a Komputer-Program Lotus =850 ##$$a NBPNMAT